Wilhelm von Gloeden

Guardat en:
Dades bibliogràfiques
Autor principal: Mussa Italo
Format: Llibre
Idioma:idioma desconegut
Publicat: Taormina (CT) Nino Malambrì 1980
Etiquetes: Afegir etiqueta
Sense etiquetes, Sigues el primer a etiquetar aquest registre!

MARC

LEADER 00000nam a2200000Ia 4500
001 240
003 NUMERAZIONE-ORIGINALE-BRESCIA
005 20260206230750.0
008 260206s9999 xx 000 0 und d
100 |a Mussa Italo 
245 0 |a Wilhelm von Gloeden 
260 |a Taormina (CT) 
260 |b Nino Malambrì 
260 |c 1980 
500 |a L'innocenza morbosa dell'occhio fotografico... 
942 |2 ddc  |c BK  |n 0 
952 |0 0  |1 0  |2 ddc  |4 0  |6 16  |7 0  |9 28440  |a BS  |b BS  |d 2026-02-06  |i 240  |l 0  |o 1-6-*  |r 2026-02-06 22:40:35  |w 2026-02-06  |x [REVISIONARE]  |y BK 
999 |c 24121  |d 24121